000 01076nam0a2200241 i 4500
001 RU\NLR\bibl\2082290
005 20240723113607.0
035 _a(NLR Aleph) 002066552
090 _a4711048
_c4711048
100 _a20131015d2011 |||y0rusy50 ca
101 0 _arus
102 _aRU
105 _ay dm |||||
200 1 _aЛингвистические особенности перевода политических текстов
_e(на материале русско-арабских переводных соответсвий)
_eавтореферат диссертации на соискание ученой степени к. филол. н.
_eспециальность 10.02.19 <Теория яз.>
_fАкаш Бадр Абдуллах
_g[Моск. гос. ун-т]
210 _aМосква
_d2011
215 _a27 с.
_d21
320 _aБиблиогр.: с. 25-27 (10 назв.)
686 _a10.02.19
_2oksvnk
700 1 _aАкаш Бадр Абдуллах
801 0 _aRU
_bNLR
_c20131015
_gRCR
801 1 _aRU
_bNLR
_c20131015
942 _cBOOK